000 00740nam a2200205 i 4500
001 141593
003 ES-MaACL
005 20230906200327.0
007 t|
008 070925s1938 fr ||||1| fre d
100 1 _aVolterra, Vito.
_9115725
245 1 0 _aOpérations infinitésimales linéaires
_b: applications aux équations différentielles et fonctionnelles /
_cpar Vito Volterra et Bohuslav Hostinsky.
260 _aParis :
_bGauthier-Villars,
_c1938.
300 _aVII, 238 p. :
_bil. ;
_c26 cm.
490 1 _aMonographies sur la théorie des fonctions
700 1 _aHostinsky, Bohuslav.
_964299
830 0 _aMonographies sur la théorie des fonctions
_9181528
852 _aES-MaACL
_jC-5292
_bR.25450
999 _c141593
_d141593